00281nam a2200109Ia 4500008004100000100002100041245006000062250000800122260002500130300000800155650000800163191201s2013 xx 000 0 und d aMAINIERO, Lisa A 0aDeveloping Managerial Skills in Organizational Behavior a2nd aNew DelhibPHIc2013 a491 aBBA